000 00908nam a2200277Ia 4500
003 OSt
005 20220923220702.0
006 a|||||r|||| 00| 0
007 ta
008 220922b |||||||| |||| 00| 0 hin d
020 _c9
024 _a189,134
037 _cTextual
040 _aARTS
_cARTS
_bhin
041 _2hin
_ahin
082 _aO152,2N12x, L6
100 _aविष्णु प्रभाकर
_9156271
245 0 _aतीसरा आदमी अभिनेय एकांकी
246 _aTīsarā ādamī abhineya ekāankī
250 _aसंस्क0 2
260 _aदिल्ली
_b शब्दकार प्रकाशन
_c1976
300 _a147 पृ.
_ccm.
650 _aहिन्दी साहित्य
_9156264
942 _hO152,2N12x, L6
_cTEXL
_2CC
999 _c341987
_d341987